000 00552nam a22001817a 4500
003 BD-DhUL
005 20171121121703.0
008 171121s1375 ir ||||| |||| 00| 0 per d
040 _aBD-DhUL
_cBD-DhUL
082 _a891.551
_bRUS
100 1 _aرومی، جلال الدین
245 0 _aشرح مثنوی شریف :
_cجلال الدین رومی
_bجلد ۳ /
260 _aتھران :
_bانتشارات زوار،
_c۔۱۳۷۵
300 _aجلد ۳ ؛
_c۲۴ سم۔
365 _aUS$
_b80.00
650 0 _aPersian poetry
942 _2ddc
_cBK
999 _c232293
_d232293